00802nam a22002177a 4500003000400000005001700004008004100021020002200062040000900084082001700093100007900110245004900189260010000238300001100338630001300349650004200362650004200404942000900446952011000455999001900565OSt20251212152254.0251212b |||||||| |||| 00| 0 eng d a978-1-61278-855-5 cSBCL a248.4bNAT-L aNational Council of the Churches of Christ in the United States of America aLove Is Our MissionbThe Family Fully Alive aPhiladelphiabNational Council of the Churches of Christ in the United States of Americac2014 a127 p. xReligion aChristian moral & devotional theology aChristian experience, practice & life cBOOK 00102ddc405170aSBCLbSBCLd2025-12-12l0o248.4 NAT-LpCC0204r2025-12-12 15:28:36w2025-12-12yBOOK c137624d137624